000 00592cab a2200205 4500
001 L136780
008 070223n2007 000 0 eng u
035 _a(Sirsi) u136780
041 _aeng
100 1 _aHolme, Richard
245 0 2 _aA healthy supplement?
260 _c2007
490 0 0 _aTaxation
_v159(4096) 22 February 2007, 226-229(4)
520 _aExplains why tax advisers can't afford to ignore the planning gain supplement.
590 _aKA
650 2 4 _aPLANNING GAIN SUPPLEMENT
651 4 _aEngland and Wales
_y1543-
690 _aPROPERTY-PROPERTY TAXATION
942 _n0
999 _c78439
_d78439